[Event "Biel Rapid op 58th"]
[Site "Biel"]
[Date "2025.07.13"]
[Round "3"]
[White "Moesching, Colin"]
[Black "Tcheau, Alain"]
[Result "1-0"]
[WhiteElo "1855"]
[BlackElo "1987"]
[PlyCount "86"]
[EventDate "2025.07.13"]
[EventType "swiss (rapid)"]
[EventRounds "9"]
[EventCountry "SUI"]
[SourceTitle "CB29_2025"]
[SourceDate "2025.07.16"]
[SourceVersion "1"]
[SourceVersionDate "2025.07.16"]
[SourceQuality "1"]

1. d4 f5 2. Nf3 Nf6 3. c4 e6 4. a3 Be7 5. Nc3 0-0 6. e3 d6 7. Bd3 Nc6 8. b4 e5 9. d5 Nb8 10. e4 fxe4 11. Nxe4 Nxe4 12. Bxe4 Nd7 13. 0-0 Nf6 14. Bc2 Bg4 15. h3 Bh5 16. Bg5 Nd7 17. Bxe7 Qxe7 18. g4 Bf7 19. Bf5 g6 20. Be4 Kg7 21. Qd2 Nf6 22. Rae1 Nxe4 23. Rxe4 Bg8 24. Kg2 Rf6 25. g5 Rf5 26. Rg4 Raf8 27. Rg3 Kh8 28. h4 Qg7 29. Nh2 Rf4 30. Rg4 c6 31. f3 b5 32. Rd1 cxd5 33. cxd5 Qc7 34. Qe2 Qc3 35. Rd3 Qc4 36. Rxf4 Rxf4 37. Ng4 Bxd5 38. Nxe5 Qc8 39. Rxd5 Rxh4 40. Ng4 Qd8 41. Qe6 Qc7 42. Kg3 Rh1 43. Qxd6 Kg8 1-0

[Event "Biel Rapid op 58th"]
[Site "Biel"]
[Date "2025.07.13"]
[Round "6"]
[White "Varela Tavares, Goncalo"]
[Black "Moesching, Colin"]
[Result "1-0"]
[WhiteElo "1964"]
[BlackElo "1855"]
[PlyCount "71"]
[EventDate "2025.07.13"]
[EventType "swiss (rapid)"]
[EventRounds "9"]
[EventCountry "SUI"]
[SourceTitle "CB29_2025"]
[SourceDate "2025.07.16"]
[SourceVersion "1"]
[SourceVersionDate "2025.07.16"]
[SourceQuality "1"]

1. Nf3 d5 2. d4 Nf6 3. Bf4 e6 4. e3 Bd6 5. Ne5 c5 6. Bd3 Qc7 7. Bg3 Nbd7 8. Nxd7 Bxd7 9. 0-0 0-0 10. Bxd6 Qxd6 11. c3 e5 12. Nd2 Rac8 13. dxe5 Qxe5 14. Nf3 Qe7 15. h3 Rfd8 16. Qc2 Bc6 17. Rfe1 Ne4 18. Nd2 Re8 19. Nxe4 dxe4 20. Be2 Red8 21. Red1 Rc7 22. Rxd8+ Qxd8 23. Bg4 Qd3 24. Rd1 Rd7 25. Rxd3 exd3 26. Qd2 Rd8 27. c4 Be4 28. Bf3 f5 29. Bxe4 fxe4 30. f3 Kf7 31. fxe4 Ke6 32. Kf2 Ke5 33. Ke1 Kxe4 34. Qf2 d2+ 35. Kd1 h6 36. Qh4+ 1-0